000 00585nam a22001697a 4500
005 20120417115711.0
020 _a0195632540
_c00.00
035 _aA-633478
037 _aDPL
_bENG
100 _aSingh, K.S.
_945208
245 _aPeople of India :
_bThe scheduled castes /
_cby K.S. Singh
250 _aNational series Vol.II
260 _aDelhi
_bOxford University Press
_c1993
300 _axi, 1367p.
_c20 cms.
942 _2ddc
_cEN
_h305
_mSIN
999 _c65105
_d65105